|
|
|
|
| LEADER |
02737nam a2200469 i 4500 |
| 001 |
nkc20193156968 |
| 003 |
CZ PrNK |
| 005 |
20200826101332.0 |
| 007 |
ta |
| 008 |
191119s2019 xr af g 6 000 1 cze |
| 015 |
|
|
|a cnb003156968
|
| 020 |
|
|
|a 978-80-7595-310-0
|q (vázáno)
|
| 035 |
|
|
|a (OCoLC)1143809269
|
| 040 |
|
|
|a ABG001
|b cze
|d ABA001
|e rda
|
| 041 |
1 |
|
|a cze
|h eng
|
| 072 |
|
7 |
|a 741.52
|x Komiksy. Komiksové adaptace
|2 Konspekt
|9 21
|
| 080 |
|
|
|a 741.52(0:82-322.9)
|2 MRF
|
| 100 |
1 |
|
|a Glass, Adam,
|d 1968-
|7 xx0205570
|4 aut
|
| 240 |
1 |
0 |
|a Death is for suckers.
|l Česky
|
| 245 |
1 |
0 |
|a Sebevražedný oddíl.
|n Kniha třetí,
|p Smrt je jen pro pitomce /
|c Adam Glass scénář ; Henrik Jonsson, Sandu Florea, Cliff Richards, Fernando Dagnino kresba ; z anglického originálu Suicide squad vol. 3: Death is for suckers přeložil: Martin D. Antonín
|
| 246 |
3 |
0 |
|a Smrt je jen pro pitomce
|
| 250 |
|
|
|a První vázané vydání v českém jazyce
|
| 264 |
|
1 |
|a Praha :
|b BB/art,
|c 2019
|
| 300 |
|
|
|a 136 stran, 8 nečíslovaných stran obrazových příloh :
|b ilustrace (převážně barevné) ;
|c 27 cm
|
| 336 |
|
|
|a text
|b txt
|2 rdacontent
|
| 336 |
|
|
|a statický obraz
|b sti
|2 rdacontent
|
| 337 |
|
|
|a bez média
|b n
|2 rdamedia
|
| 338 |
|
|
|a svazek
|b nc
|2 rdacarrier
|
| 520 |
2 |
|
|a Komiksová série o superhrdinské tajné operační skupině nesoucí název Sebevražedný oddíl (Suicide Squad).
|b Po smrtícím souboji s Regulusem - vůdcem rozsáhlé teroristické organizace Bazilišek - je Sebevražedný oddíl na dně. Jeho velitel Deadshot se obětoval pro svou tajnou milenku Harley Quinn a Jo-Jo i Voltaic padli rukou členů vlastního týmu. Někteří agenti jsou však natolik cenní, že nezůstanou pohřbení. A někteří nepřátelé, například Regulus, jsou tak stravováni nenávistí, že nezmizí navždy. Ze všeho nejhorší je však nečekaná návštěva bývalého přítele Harley Quinn - znetvořeného šílence známého pouze pod jménem Joker. Celý rok se předpokládalo, že je mrtvý, ale teď se vrátil bojovat s Batmanem... Nakladatelská anotace. Kráceno.
|
| 655 |
|
7 |
|a superhrdinské komiksy
|7 fd1057488
|2 czenas
|
| 655 |
|
9 |
|a superhero comics
|2 eczenas
|
| 700 |
1 |
|
|a Jonsson, Henrik,
|d 1986-
|7 xx0193595
|4 ill
|
| 700 |
1 |
|
|a Florea, Sandu,
|d 1946-
|7 xx0171632
|4 ill
|
| 700 |
1 |
|
|a Richards, Cliff
|7 xx0135025
|4 ill
|
| 700 |
1 |
|
|a Dagnino, Fernando,
|d 1973-
|7 xx0222969
|4 ill
|
| 700 |
1 |
|
|a Antonín, Martina D.,
|d 1978-
|7 xx0010114
|4 trl
|
| 787 |
0 |
8 |
|i Z cyklu:
|t Sebevražedný oddíl
|g 3
|
| 910 |
2 |
|
|a BOA001
|b 3-1448.005,3
|
| 920 |
|
|
|a 4508865
|z ABG001
|
| 990 |
|
|
|a BK
|
| 995 |
|
|
|a 01
|
| 996 |
6 |
|
|b 2610826909
|c 3-1448.005,3
|l MZK
|r Sklad / do 1 hodiny
|n 1
|p p.v.
|w 001807627
|u 000010
|a 1
|e BOA001
|j MZK50
|s P
|